00575nam a22001697a 450000500170000001000150001702000270003203500140005903700130007308200160008610000250010224500960012726000450022327000670026830000270033550000430036220190114113601.0 aENG-124635 a9780199475032c1195.00 aEN-108167 bDBAD/PUB a305.4896914 aChakraborty, Paulomi aThe refugee worman:cby Paulomi Chakrabortybpartition of bengal, gender, andthe political/ aNew Delhi bOxford Univrsity Pressc2018 a2/11 Ground Floor, Ansari Road, Daryaganj,bNew Delhi e110002 axiv, 314p. c21cm.(Hb) aIt includes index and about the author